000 00542nam a2200181Ia 4500
008 151018s9999 xx 000 0 und d
082 _bRBASDV47755
_a615.82
100 _aराकेश इंदूरखा
245 _aव्यायम
250 _b1
260 _bबिंदिया प्रकाशन
_c2008
300 _a16
600 _aराकेश इंदूरखा
630 _aव्यायम
700 _aराकेश इंदूरखा
730 _aव्यायम
942 _cBOOK
999 _c1046887
_d1046884